000
00219nam a22000857a 4500
999
_c
5500
_d
5500
008
170116b xxu||||| |||| 00| 0 eng d
020
_a
9788172163013
100
_9
2448
_a
Vanaik.A.
245
_a
Fundamentals of Rereational
260
_a
New delhi
_b
SET
_c
2010